| 000 | 00691nam a22002537a 4500 | ||
|---|---|---|---|
| 001 | 23588 | ||
| 003 | UA-OsUOA | ||
| 005 | 20230918163032.0 | ||
| 007 | ta | ||
| 008 | 20040126b un ||||| |||| 00| 0 ukr d | ||
| 020 | _a5279017787 | ||
| 040 |
_aUA-OsUOA _brus _cUA-OsUOA _dUA-OsUOA |
||
| 041 | _arus | ||
| 044 | _aRU | ||
| 080 | _a311 | ||
| 090 |
_a311 _bС69 |
||
| 245 |
_aСоциальная статистика _bучебник _cпод ред. И. И. Елисеевой |
||
| 260 |
_aМосква _bФинанси и статистика _c1997 |
||
| 300 | _a416 с. | ||
| 650 | 7 | _2UDC | |
| 942 |
_cBK _2udc |
||
| 955 | _a2 | ||
| 999 |
_c309840 _d309840 |
||